| 000 | 00575nam a2200169Ia 4500 | ||
|---|---|---|---|
| 008 | 090711s9999 xx 000 0 und d | ||
| 082 | _b34175 | ||
| 100 | _aजोशी Sां. गु. | ||
| 245 | _aजीवनातील अनेक नाती | ||
| 260 |
_bप्रसाद प्रकाशन _c1972 |
||
| 300 | _a212 | ||
| 600 | _aजोशी Sां. गु. | ||
| 630 | _aजीवनातील अनेक नाती | ||
| 700 | _aजोशी Sां. गु. | ||
| 730 | _aजीवनातील अनेक नाती | ||
| 942 | _cBOOK | ||
| 999 |
_c325534 _d325534 |
||